| 000 | 00448nam a2200133Ia 4500 | ||
|---|---|---|---|
| 008 | 170516s9999 xx 000 0 und d | ||
| 245 | _aTelehealth in the developing world: current status and future prospects | ||
| 260 | _bSmart Homecare Technology and TeleHealth | ||
| 260 | _c2015 | ||
| 300 | _a3: | ||
| 650 | _xMedical Technology | ||
| 650 | _xMedtech | ||
| 856 | _uhttps://www.dovepress.com/smart-homecare-technology-and-telehealth-i1018-j140 | ||
| 999 |
_c330816 _d330816 |
||